Sample survey methods nd theory / (Record no. 8165)

MARC details
000 -LEADER
fixed length control field 00792cam a22002651 4500
001 - CONTROL NUMBER
control field BD-DhSAU 8165
003 - CONTROL NUMBER IDENTIFIER
control field BD-DhSAU
005 - DATE AND TIME OF LATEST TRANSACTION
control field 20150610140639.0
008 - FIXED-LENGTH DATA ELEMENTS--GENERAL INFORMATION
fixed length control field 730213s1953 nyua 001 0 eng
040 ## - CATALOGING SOURCE
Original cataloging agency BD-DhSAU
082 00 - DEWEY DECIMAL CLASSIFICATION NUMBER
Classification number 519.52
Edition number 22
Item number HAS
100 1# - MAIN ENTRY--PERSONAL NAME
Personal name Hansen, Morris H.
Fuller form of name (Morris Howard),
Dates associated with a name 1910-
245 10 - TITLE STATEMENT
Title Sample survey methods nd theory /
Statement of responsibility, etc. Morris H. Hansen, William N. Hurwitz, William G. Madow.
260 ## - PUBLICATION, DISTRIBUTION, ETC. (IMPRINT)
Place of publication, distribution, etc. New York :
Name of publisher, distributor, etc. Wiley,
Date of publication, distribution, etc. c1953.
300 ## - PHYSICAL DESCRIPTION
Extent xxii, 638 p. :
Other physical details ill. ;
Dimensions 24 cm.
440 ## - SERIES STATEMENT/ADDED ENTRY--TITLE
Title Methods and Applications
Volume/sequential designation Vol. 1
504 ## - BIBLIOGRAPHY, ETC. NOTE
Bibliography, etc Includes index.
590 ## - Name of Cataloguer
Name of Cataloger Jerin
650 #0 - SUBJECT ADDED ENTRY--TOPICAL TERM
Topical term or geographic name as entry element Sampling (Statistics)
650 #0 - SUBJECT ADDED ENTRY--TOPICAL TERM
Topical term or geographic name as entry element survey methods
650 #0 - SUBJECT ADDED ENTRY--TOPICAL TERM
Topical term or geographic name as entry element Statistics.
700 ## - ADDED ENTRY--PERSONAL NAME
Personal name Hurwitz, William N.
700 ## - ADDED ENTRY--PERSONAL NAME
Personal name Madow, William G.
942 ## - ADDED ENTRY ELEMENTS (KOHA)
Source of classification or shelving scheme Dewey Decimal Classification
Koha item type Book
Holdings
Withdrawn status Lost status Source of classification or shelving scheme Damaged status Not for loan Collection code Home library Branch Name Shelving location Date acquired Total Checkouts Full call number Barcode Date last seen Price effective from Koha item type
    Dewey Decimal Classification   Not For Loan Reference SAU Library SAU Library Reference 13/04/2000   519.52 HAS 27792 10/06/2015 10/06/2015 Book